The Globalization of Music in History /

Bewaard in:
Bibliografische gegevens
Hoofdauteur: Wetzel, Richard D. (autor)
Formaat: Boek
Taal:Engels
Gepubliceerd in: Nueva York, EUA : Routledge, 2012, c2012
Birmingham, EUA : EBSCOhost [distribución], 2012
Reeks:(Routledge Studies on History and Globalization; 2)
Onderwerpen:
Online toegang:Ver documento en línea
Tags: Voeg label toe
Geen labels, Wees de eerste die dit record labelt!

MARC

LEADER 00000nam^a2200000^a^4500
001 000389105
005 20251023000000.0
009 20260310121111.531
022 |a 9781136626241 
037 |a Acervo ITESO - Biblioteca 
041 |a ING 
082 |a 780. 9  |b WET 
100 |a Wetzel, Richard D.  |e (autor) 
245 1 4 |a The Globalization of Music in History /  |c R.D. Wetzel. 
264 4 |a Nueva York, EUA :  |b Routledge,  |c 2012, c2012 
264 4 |a Birmingham, EUA :  |b EBSCOhost [distribución],  |c 2012 
300 |a 1 libro electrónico en línea (XII, 197 p.) 
336 |a datos para computadora  |b cod  |2 rdacontenido 
337 |a computadora  |b c  |2 rdamedio 
338 |a recurso en línea  |b cr  |2 rdasoporte 
440 1 |a (Routledge Studies on History and Globalization;  |v 2) 
506 1 |a 3 licencias 
521 |a 2017 BO Licenciatura en Gestión Cultural 
649 |a XX 
650 |a Música -  |x Aspectos Políticos 
650 |a Música -  |x Aspectos Sociales y Culturales 
650 |a Música -  |x Historia y Crítica -  |x Tema Principal 
650 |a Relaciones Interculturales 
650 |a Globalización 
650 |a Arte -  |x Historia y Crítica 
856 4 0 |u https://ezproxy.iteso.mx/login?url=https://search.ebscohost.com/login.aspx?direct=true&scope=site&db=nlebk&db=nlabk&AN=451145  |y Ver documento en línea 
910 |a Fondo General 
920 |a Electrónicos - Libros en Línea 
930 |a Plataforma Digital 
905 |a 205 
901 |a 389105-1  |b IT2  |c EBO  |i C1204  |u 20250521 
901 |a 389105-2  |b IT2  |c EBO  |i C1204  |u 20250521 
901 |a 389105-3  |b IT2  |c EBO  |i C1204  |u 20250521 
902 |a https://opac.biblio.iteso.mx/vufind/Record/000389105